000 00180nmm a2200085Ia 4500
008 220120s9999||||xx |||||||||||||||||und||
100 _aLINUX
245 0 _aBio-Knoppi
260 _c2005
999 _c138480
_d138480